[Event "VII Festival Magistrale"]
[Site "Marostica ITA"]
[Date "1997.09.??"]
[Round "7"]
[White "Ventura, Boris"]
[Black "Danieli, Enrico"]
[Result "0-1"]
[WhiteElo "2125"]
[BlackElo "1963"]
[PlyCount "48"]
[EventDate "1997.09.07"]

1. e4 d6 2. d4 g6 3. c3 Bg7 4. Bd3 Nc6 5. f4 Nh6 6. Nf3 f5 7. exf5 Nxf5 8. d5
Nb8 9. g4 Nh6 10. f5 Nxg4 11. fxg6 h6 12. Bb5+ c6 13. dxc6 bxc6 14. Qd5 Rf8 15.
Bxc6+ Nxc6 16. Qxc6+ Bd7 17. Qe4 Rb8 18. h3 Rf6 19. Nd4 Nf2 20. Qd5 e6 21. Qh5
Nxh1 22. Bxh6 Rf1+ 23. Kd2 Rxb2+ 24. Ke3 Ng3 0-1

[Event "VII Festival Magistrale"]
[Site "Marostica ITA"]
[Date "1997.09.??"]
[Round "8"]
[White "Alberton, Roberto"]
[Black "Danieli, Enrico"]
[Result "1/2-1/2"]
[WhiteElo "2190"]
[BlackElo "1963"]
[PlyCount "148"]
[EventDate "1997.09.07"]

1. e4 d6 2. d4 g6 3. Nf3 Bg7 4. Bc4 Nf6 5. Qe2 O-O 6. h3 Nc6 7. e5 dxe5 8. dxe5
Nd5 9. O-O Nb6 10. Rd1 Qe8 11. Bb3 Na5 12. Nc3 Nxb3 13. axb3 h6 14. Bf4 a6 15.
Be3 Be6 16. Bc5 Nd7 17. Be3 Nb6 18. Nd4 Bd5 19. Nf5 gxf5 20. Nxd5 Nxd5 21. Rxd5
Rd8 22. Rad1 Rxd5 23. Rxd5 c6 24. Rd3 Qb8 25. Qh5 Qxe5 26. Bxh6 Bxh6 27. Qxh6
f4 28. Rf3 Rd8 29. Rxf4 Rd1+ 30. Kh2 Rd4 31. g3 Rxf4 32. Qxf4 Qxb2 33. Qe4 Qf6
34. Kg2 Qd6 35. Qg4+ Kf8 36. Qc8+ Kg7 37. Qxb7 Qd5+ 38. Kh2 Qd2 39. Qxc6 Qxf2+
40. Qg2 Qc5 41. Qe2 e6 42. c4 a5 43. h4 e5 44. Kg2 Qd4 45. Qc2 e4 46. c5 Qe3
47. c6 Qf3+ 48. Kh2 e3 49. Qg2 Qg4 50. c7 e2 51. Qf2 Qe6 52. c8=Q Qxc8 53. Qxe2
Qc3 54. Qg4+ Kh7 55. Qd1 Kg7 56. Kg2 Qc6+ 57. Kf2 Qf6+ 58. Qf3 Qd4+ 59. Qe3
Qf6+ 60. Kg2 Qc6+ 61. Kh2 Qc2+ 62. Kh3 Qf5+ 63. g4 Qf1+ 64. Kg3 Qa6 65. g5 Qd6+
66. Kg2 Qd5+ 67. Kf2 Qf5+ 68. Kg3 Qd5 69. Qc3+ Kg8 70. Qf3 Qe5+ 71. Kg4 Qe6+
72. Kg3 Qe5+ 73. Kg2 Qb2+ 74. Kh3 Qe5 1/2-1/2

[Event "VII Festival Magistrale"]
[Site "Marostica ITA"]
[Date "1997.09.??"]
[Round "8"]
[White "Bracaglia, Carlo"]
[Black "Gallo, Enrico"]
[Result "1/2-1/2"]
[WhiteElo "2080"]
[BlackElo "2225"]
[PlyCount "139"]
[EventDate "1997.09.07"]

1. e4 e5 2. Nf3 Nc6 3. Bc4 Nf6 4. d3 Be7 5. c3 O-O 6. Nbd2 d6 7. Bb3 Na5 8. Bc2
c5 9. O-O Bg4 10. Re1 b5 11. h3 Bh5 12. Nf1 Qc7 13. Ng3 Bg6 14. Qe2 Rac8 15.
Nh4 Rfe8 16. Nhf5 Bf8 17. Bg5 Nd7 18. h4 f6 19. Bd2 c4 20. h5 Bf7 21. Qg4 Kh8
22. d4 Nc6 23. Re3 Ne7 24. Nxe7 Rxe7 25. d5 g6 26. hxg6 Bxg6 27. Nf5 Bxf5 28.
Qxf5 Bh6 29. Re2 Bxd2 30. Rxd2 Rg8 31. Qf3 Reg7 32. g3 Rg6 33. a4 Qb6 34. Kg2
bxa4 35. Rxa4 Qxb2 36. Rxa7 Nf8 37. Qe3 Rg5 38. Bd1 Qb8 39. Rda2 Ng6 40. Kf1
Qc8 41. Bf3 Qh3+ 42. Ke2 Qh2 43. Ra1 Rxg3 44. Rh1 Qxh1 45. Bxh1 Rxe3+ 46. fxe3
Nh4 47. Rd7 Rb8 48. Kf2 Rb3 49. Kg3 Ng6 50. Kg4 Rb1 51. Bf3 Rg1+ 52. Kh3 Re1
53. Rxd6 Kg7 54. Rd7+ Kh6 55. Rc7 Rxe3 56. Kg4 Rxc3 57. Bd1 Rc1 58. Ba4 Rg1+
59. Kf3 f5 60. Kf2 Ra1 61. d6 Ra2+ 62. Ke1 Nf8 63. Rxc4 Kg5 64. Bc6 h5 65. exf5
Kxf5 66. d7 Nxd7 67. Bxd7+ Kg5 68. Be6 Rb2 69. Bd5 h4 70. Be6 1/2-1/2

[Event "VII Festival Magistrale"]
[Site "Marostica ITA"]
[Date "1997.09.??"]
[Round "8"]
[White "Caruso, Augusto"]
[Black "Rossi, Carlo"]
[Result "1-0"]
[WhiteElo "2265"]
[BlackElo "2355"]
[PlyCount "83"]
[EventDate "1997.09.07"]

1. e4 Na6 2. d4 c5 3. Nf3 cxd4 4. Nxd4 Nc5 5. Nc3 a6 6. a4 Qa5 7. Bd2 Nxe4 8.
Nxe4 Qe5 9. Bd3 Qxd4 10. O-O d5 11. Be3 Qe5 12. Bd4 Qf4 13. Nc3 e6 14. Re1 Ne7
15. Be5 Qh6 16. Re3 f5 17. f4 Qg6 18. Be2 h5 19. Rg3 Qf7 20. Bb5+ Nc6 21. Bxc6+
bxc6 22. Ne2 h4 23. Rg5 c5 24. Qe1 Rh7 25. Qa5 Ra7 26. b4 cxb4 27. Nd4 Qd7 28.
Re1 Kf7 29. Bb8 Rb7 30. Nxe6 Be7 31. Rxf5+ Kg8 32. Rxd5 Qe8 33. Nd4 Bd7 34. Bd6
g6 35. Qxa6 Bc8 36. Qc4 Kf8 37. Rde5 Bg4 38. Nc6 Rf7 39. Nxe7 Qd7 40. Nf5+ Kg8
41. Nh6+ Kg7 42. Nxf7 1-0

[Event "VII Festival Magistrale"]
[Site "Marostica ITA"]
[Date "1997.09.??"]
[Round "8"]
[White "Ciolac, Gheorghe"]
[Black "Ricca, Roberto"]
[Result "1-0"]
[WhiteElo "2385"]
[BlackElo "2145"]
[PlyCount "57"]
[EventDate "1997.09.07"]

1. e4 e5 2. Nf3 Nc6 3. Bc4 Nf6 4. d3 Be7 5. O-O O-O 6. Bb3 d6 7. c3 Bg4 8. Nbd2
Nd7 9. h3 Bh5 10. Re1 Nc5 11. Bc2 d5 12. g4 dxe4 13. dxe4 Bg6 14. Qe2 h5 15.
Nc4 f6 16. Nh4 Qe8 17. Nxg6 Qxg6 18. b4 Ne6 19. Bb3 Kh8 20. Kh2 h4 21. Qf3 Nf4
22. b5 Nd8 23. Bxf4 exf4 24. e5 f5 25. gxf5 Qxf5 26. e6 Qxb5 27. Ne5 Qe8 28.
Bc2 Rf6 29. Bg6 1-0

[Event "VII Festival Magistrale"]
[Site "Marostica ITA"]
[Date "1997.09.??"]
[Round "8"]
[White "De Bortoli, Peter"]
[Black "Cacco, Christian"]
[Result "1/2-1/2"]
[WhiteElo "2085"]
[BlackElo "2175"]
[PlyCount "74"]
[EventDate "1997.09.07"]

1. e4 g6 2. g3 Bg7 3. Bg2 e5 4. Nc3 d6 5. d3 c6 6. Nge2 Ne7 7. d4 Na6 8. O-O
O-O 9. h3 Be6 10. Kh2 Bc4 11. Re1 exd4 12. Nxd4 Qb6 13. Nf3 Rad8 14. Nd2 Be6
15. Nb3 d5 16. Bg5 Rfe8 17. Qf3 d4 18. Ne2 Nb4 19. Rec1 d3 20. Be3 Qc7 21. Ned4
Bxb3 22. axb3 Bxd4 23. Bxd4 Rxd4 24. c3 d2 25. Rd1 Rd3 26. Qe2 Red8 27. cxb4
Qb6 28. Ra4 Qd4 29. b5 Qxb2 30. Rxa7 Qxb3 31. Rxb7 Qe6 32. bxc6 Nxc6 33. Rb2
Qd6 34. Rb5 Qe6 35. Rb2 Qd7 36. e5 Na5 37. e6 Qxe6 1/2-1/2

[Event "VII Festival Magistrale"]
[Site "Marostica ITA"]
[Date "1997.09.??"]
[Round "8"]
[White "Ferraro, Francesco"]
[Black "Pegoraro, Nicola"]
[Result "0-1"]
[WhiteElo "2060"]
[BlackElo "2115"]
[PlyCount "88"]
[EventDate "1997.09.07"]

1. d4 f5 2. g3 Nf6 3. Bg2 g6 4. b3 Bg7 5. Bb2 d6 6. Nf3 O-O 7. O-O Ne4 8. Nbd2
Nxd2 9. Qxd2 Nc6 10. c4 Qe8 11. Rae1 e5 12. d5 Nb8 13. Ng5 h6 14. Nh3 Qf7 15.
f4 e4 16. e3 Nd7 17. b4 a5 18. Bxg7 Qxg7 19. a3 b6 20. Rf2 axb4 21. axb4 Bb7
22. Qb2 Ra4 23. Rb1 Rfa8 24. Bf1 Ra3 25. Re2 Nf6 26. Nf2 b5 27. Ree1 bxc4 28.
Bxc4 Bxd5 29. Qd4 Bxc4 30. Qxc4+ Qf7 31. Rbc1 Qxc4 32. Rxc4 R8a7 33. Nd1 Nd5
34. Rd4 Nc3 35. Nxc3 Rxc3 36. Re2 Kf7 37. Kf2 Raa3 38. Rdd2 Rab3 39. Rc2 Ke6
40. Rb2 Rxe3 41. Rxb3 Rxb3 42. Rc2 Kd7 43. Rc1 c6 44. g4 Rf3+ 0-1

[Event "VII Festival Magistrale"]
[Site "Marostica ITA"]
[Date "1997.09.??"]
[Round "8"]
[White "Marchini, Massimo"]
[Black "Everet, Alexandro"]
[Result "0-1"]
[WhiteElo "2150"]
[BlackElo "2225"]
[PlyCount "52"]
[EventDate "1997.09.07"]

1. e4 g6 2. d4 Bg7 3. Nf3 d6 4. Nc3 Nf6 5. Bg5 O-O 6. Qd2 Re8 7. h3 c6 8. a4 b6
9. Bc4 Ba6 10. Bxa6 Nxa6 11. O-O d5 12. Rfe1 Nc7 13. Ne5 Nxe4 14. Nxe4 dxe4 15.
Bf4 Ne6 16. Rxe4 f5 17. Ree1 Qxd4 18. Qxd4 Nxd4 19. Rad1 Nxc2 20. Re2 Nb4 21.
Rd7 Bf6 22. Bd2 Na6 23. Nxc6 Nc5 24. Rc7 Kf7 25. Bc3 Ne6 26. Bxf6 Nxc7 0-1

[Event "VII Festival Magistrale"]
[Site "Marostica ITA"]
[Date "1997.09.??"]
[Round "8"]
[White "Micheli, Carlo"]
[Black "Lapiccirella, Mattia"]
[Result "1-0"]
[WhiteElo "2295"]
[BlackElo "1930"]
[PlyCount "55"]
[EventDate "1997.09.07"]

1. e4 c5 2. Nf3 Nc6 3. d4 cxd4 4. Nxd4 Nf6 5. Nc3 d6 6. g3 Qb6 7. Nb3 a6 8. Bg2
e6 9. O-O Be7 10. a4 Na5 11. Be3 Qc7 12. Nxa5 Qxa5 13. Qe1 Bd7 14. h3 Bc6 15.
f4 Rc8 16. g4 Qb4 17. g5 Nd7 18. b3 f5 19. Rd1 Nc5 20. Rd4 Qa3 21. exf5 Bxg2
22. Kxg2 Qb2 23. Rf2 O-O 24. fxe6 Nxe6 25. Nd1 Qb1 26. Rd5 Bxg5 27. fxg5 Rxf2+
28. Bxf2 1-0

[Event "VII Festival Magistrale"]
[Site "Marostica ITA"]
[Date "1997.09.??"]
[Round "8"]
[White "Passerotti, Pierluigi"]
[Black "Belotti, Bruno"]
[Result "0-1"]
[WhiteElo "2310"]
[BlackElo "2410"]
[PlyCount "106"]
[EventDate "1997.09.07"]

1. d4 d6 2. e4 Nf6 3. Nc3 g6 4. Nf3 Bg7 5. Be2 O-O 6. O-O c6 7. h3 Nbd7 8. Be3
Qc7 9. a4 e5 10. dxe5 dxe5 11. Bc4 Nh5 12. Qd2 Nf4 13. Bb3 h6 14. Rad1 g5 15.
Kh2 Re8 16. Ng1 Nf8 17. g3 N4e6 18. Nce2 Rd8 19. Qc1 Nd4 20. Bc4 a6 21. c3 Nde6
22. Rd2 b5 23. axb5 axb5 24. Bb3 Rxd2 25. Qxd2 Qe7 26. Rd1 Nc5 27. Bc2 Nfe6 28.
b4 Nb7 29. Bb3 Bf8 30. Nf3 Qf6 31. Ne1 Nd6 32. Qd3 Nc7 33. Kg2 Ra3 34. Rb1
Bxh3+ 35. Kxh3 Rxb3 36. Ra1 Qe6+ 37. Kg2 Nc4 38. Nc1 Rb2 39. Ra7 Ne8 40. Ra8
Kg7 41. Nc2 Ned6 42. Bc5 Be7 43. Ra6 Nc8 44. Ne3 Nxe3+ 45. Qxe3 Rc2 46. Nd3
Rxc3 47. Nf4 Qc4 48. Nh5+ Kg6 49. Rxc6+ f6 50. Bd4 Rxe3 51. Rxc4 bxc4 52. Bxe3
Kxh5 53. b5 Bd8 0-1

[Event "VII Festival Magistrale"]
[Site "Marostica ITA"]
[Date "1997.09.??"]
[Round "8"]
[White "Safranska, Anda"]
[Black "Rosino, Antonio"]
[Result "0-1"]
[WhiteElo "2270"]
[BlackElo "2265"]
[PlyCount "173"]
[EventDate "1997.09.07"]

1. Nf3 Nf6 2. b3 g6 3. Bb2 Bg7 4. g3 O-O 5. Bg2 d5 6. O-O c5 7. d3 Nc6 8. Nbd2
Qc7 9. e4 d4 10. a4 e5 11. Nc4 h6 12. Nfd2 Nh5 13. Qe2 Be6 14. h3 b6 15. Nf3 a6
16. Nh4 b5 17. Nd2 c4 18. dxc4 bxc4 19. Nxc4 Nb4 20. Na3 Rfc8 21. Rfc1 Qd7 22.
Kh2 d3 23. cxd3 Qxd3 24. Bf1 Qxe2 25. Bxe2 Bxb3 26. a5 Nc2 27. Nxc2 Bxc2 28. f3
Bf6 29. Ng2 Bg5 30. Bxe5 Bxc1 31. Rxc1 Rc6 32. Ne3 Bxe4 33. Bc4 Bxf3 34. g4 Ng7
35. Rf1 Rxc4 36. Nxc4 Be2 37. Rf4 Ne6 38. Nb6 Nxf4 39. Nxa8 Nd3 40. Bf6 Nc5 41.
Nb6 Nb7 42. Bc3 Kf8 43. Kg3 Ke7 44. h4 Ke6 45. Kf4 f6 46. Bd2 g5+ 47. hxg5
hxg5+ 48. Kg3 Nc5 49. Be1 Nd3 50. Bd2 Ne5 51. Na4 Kd6 52. Bb4+ Ke6 53. Bd2 Nc4
54. Bb4 Nd6 55. Nc3 Bd3 56. Kf3 Ke5 57. Nd1 Nb5 58. Ke3 Bc2 59. Nc3 Nd6 60. Kd2
Bg6 61. Ke3 Nc4+ 62. Kf3 Be8 63. Ne2 Bc6+ 64. Kf2 Be4 65. Bc3+ Ke6 66. Nd4+ Kd5
67. Ne2 Ne5 68. Kg3 Kc4 69. Bxe5 fxe5 70. Ng1 Kb4 71. Nh3 Kxa5 72. Nxg5 Bd5 73.
Nf3 e4 74. Nd4 Kb4 75. Kf4 Kc4 76. Ke3 a5 77. g5 a4 78. Nc2 Kc3 79. Na3 Kb2 80.
Nb5 Bc6 81. Nd6 Kb3 82. Nxe4 a3 83. Nc5+ Kc4 84. Nd3 a2 85. Ne5+ Kc3 86. Nxc6
a1=Q 87. Nd4 0-1

[Event "VII Festival Magistrale"]
[Site "Marostica ITA"]
[Date "1997.09.??"]
[Round "8"]
[White "Torelli, Mirco"]
[Black "Carli, Carlo"]
[Result "1-0"]
[WhiteElo "1947"]
[BlackElo "2003"]
[PlyCount "75"]
[EventDate "1997.09.07"]

1. d4 d5 2. c4 e6 3. Nc3 Nf6 4. Bg5 Be7 5. e3 O-O 6. Nf3 h6 7. Bh4 b6 8. Rc1
Bb7 9. cxd5 exd5 10. Bb5 c6 11. Ba4 Nbd7 12. O-O c5 13. Ne5 Nxe5 14. dxe5 Nh7
15. Bg3 d4 16. Nb5 dxe3 17. fxe3 Ng5 18. Nd6 Bxd6 19. exd6 Ba6 20. Rf4 Ne6 21.
Rf5 b5 22. Bc2 Bb7 23. Qg4 Bc8 24. Qe4 Rb8 25. Rxf7 Kxf7 26. Qg6+ Kg8 27. Qh7+
Kf7 28. Bg6+ Kf6 29. Bc2 Kf7 30. Bg6+ Kf6 31. Be4 Kf7 32. Rf1+ Nf4 33. Rxf4+
Ke6 34. Bf5+ Kd5 35. Be4+ Ke6 36. Qxg7 Rxf4 37. Bxf4 Qf6 38. Bd5+ 1-0

[Event "VII Festival Magistrale"]
[Site "Marostica ITA"]
[Date "1997.09.??"]
[Round "8"]
[White "Vincenzi, Riccardo"]
[Black "Astengo, Marcello"]
[Result "0-1"]
[WhiteElo "1900"]
[BlackElo "2040"]
[PlyCount "116"]
[EventDate "1997.09.07"]

1. c4 e5 2. Nc3 Nf6 3. g3 Nc6 4. Bg2 Bc5 5. e3 d6 6. Nge2 a6 7. d3 Bd7 8. a3
Rb8 9. O-O Qc8 10. b4 Ba7 11. d4 Bh3 12. Nd5 h5 13. Nxc7+ Kf8 14. dxe5 dxe5 15.
Qd6+ Kg8 16. Nd5 Nxd5 17. Qxd5 h4 18. Bb2 Be6 19. Qd3 Qc7 20. Nc3 hxg3 21. hxg3
f6 22. Nd5 Qf7 23. Rfd1 Qh5 24. Kf1 Bg4 25. Rd2 Bf3 26. Bxf3 Qxf3 27. Nxf6+
gxf6 28. Qd5+ Qxd5 29. cxd5 Rd8 30. Ke2 Ne7 31. e4 Rh2 32. Kf3 Nc6 33. Rc1 Kf7
34. Re2 Nb8 35. Rc7+ Rd7 36. Rc8 Re7 37. Bc1 Nd7 38. Be3 Bxe3 39. Kxe3 Nb6 40.
Rc1 Ke8 41. Rd2 Rhh7 42. Rc5 Rh1 43. Rd3 Re1+ 44. Kf3 f5 45. Re3 fxe4+ 46. Kxe4
Rxe3+ 47. fxe3 Kd7 48. Rc2 Nc8 49. a4 Nd6+ 50. Kf3 Rf7+ 51. Kg2 e4 52. g4 Rf3
53. Rc3 Nf7 54. b5 axb5 55. axb5 Kd6 56. b6 Kxd5 57. Rc7 Nd6 58. g5 Rf5 0-1

[Event "VII Festival Magistrale"]
[Site "Marostica ITA"]
[Date "1997.09.??"]
[Round "9"]
[White "Cacco, Christian"]
[Black "Ortega, Lexy"]
[Result "0-1"]
[WhiteElo "2175"]
[BlackElo "2470"]
[PlyCount "50"]
[EventDate "1997.09.07"]

1. d4 Nf6 2. Nf3 e6 3. Bg5 h6 4. Bh4 d6 5. e3 Nc6 6. c4 g5 7. Bg3 Ne4 8. Nc3
Nxg3 9. hxg3 Bg7 10. Be2 e5 11. dxe5 Nxe5 12. Nxe5 Bxe5 13. Qd2 Be6 14. f4 Bg7
15. O-O-O a6 16. e4 O-O 17. Rdf1 b5 18. f5 Bxc4 19. Bxc4 bxc4 20. Nd5 c6 21. f6
cxd5 22. fxg7 Kxg7 23. Qxd5 Qe7 24. Rxh6 Kxh6 25. Qf5 Kg7 0-1

[Event "VII Festival Magistrale"]
[Site "Marostica ITA"]
[Date "1997.09.??"]
[Round "9"]
[White "Carli, Carlo"]
[Black "Ferraro, Francesco"]
[Result "1/2-1/2"]
[WhiteElo "2003"]
[BlackElo "2060"]
[PlyCount "113"]
[EventDate "1997.09.07"]

1. e4 e5 2. Bc4 Nf6 3. Qe2 d6 4. Nf3 Be7 5. O-O O-O 6. h3 Be6 7. c3 Qd7 8. Re1
Bxc4 9. Qxc4 Qc6 10. Qe2 Nbd7 11. d4 exd4 12. cxd4 d5 13. exd5 Nxd5 14. Ne5 Qd6
15. Nc3 N7f6 16. Bg5 Rfe8 17. Qf3 c6 18. Rad1 Rad8 19. g4 Rf8 20. Ne2 Rde8 21.
Ng3 Qc7 22. Nf5 Bb4 23. Re2 Re6 24. a3 Bd6 25. Rde1 Bxe5 26. dxe5 Nd7 27. Qg3
Rfe8 28. Nd4 Rxe5 29. Rxe5 Rxe5 30. Rxe5 Qxe5 31. Qxe5 Nxe5 32. Kf1 f6 33. Bd2
Nc4 34. Bc1 Nd6 35. Ke2 Kf7 36. Kd3 c5 37. Ne2 Ke6 38. Bd2 b5 39. Nc3 Nxc3 40.
Bxc3 g6 41. b4 cxb4 42. axb4 f5 43. f3 Kd5 44. h4 Nf7 45. Ke3 fxg4 46. fxg4 Kc4
47. Bd2 Kd5 48. Kf4 a6 49. h5 Ke6 50. Ke4 Ne5 51. hxg6 hxg6 52. g5 Nc4 53. Bf4
Nb6 54. Kd4 Nd5 55. Bd2 Kd6 56. Ke4 Ke6 57. Kd4 1/2-1/2

[Event "VII Festival Magistrale"]
[Site "Marostica ITA"]
[Date "1997.09.??"]
[Round "9"]
[White "Danieli, Enrico"]
[Black "Torelli, Mirco"]
[Result "1-0"]
[WhiteElo "1963"]
[BlackElo "1947"]
[PlyCount "85"]
[EventDate "1997.09.07"]

1. Nf3 Nf6 2. c4 e6 3. e3 d5 4. d4 Be7 5. b3 O-O 6. Bd3 b6 7. O-O Bb7 8. Bb2
Nbd7 9. Nc3 c5 10. Qe2 Rc8 11. Rfd1 Re8 12. Rac1 Bd6 13. Nb5 Bb8 14. Ne5 Qe7
15. f4 cxd4 16. exd4 a6 17. Ba3 Qd8 18. Nc3 dxc4 19. bxc4 Nxe5 20. dxe5 Qd4+
21. Qf2 Qxf2+ 22. Kxf2 Ng4+ 23. Ke2 Nxh2 24. Rh1 f6 25. Rxh2 fxe5 26. fxe5 g6
27. Bd6 Bxd6 28. exd6 Rcd8 29. Be4 Rd7 30. Rh3 Rc8 31. Bxb7 Rxb7 32. Ne4 h5 33.
Rd3 Kg7 34. a4 Rd8 35. Ke3 Rbd7 36. a5 Rb8 37. axb6 Rxb6 38. c5 Rc6 39. Rb3 Kf7
40. Rcb1 Rd8 41. Rb7+ Ke8 42. Re7+ Kf8 43. Rf1+ 1-0

[Event "VII Festival Magistrale"]
[Site "Marostica ITA"]
[Date "1997.09.??"]
[Round "9"]
[White "De Vita, Gianni"]
[Black "Perezzani, Stefano"]
[Result "0-1"]
[WhiteElo "2155"]
[BlackElo "1974"]
[PlyCount "68"]
[EventDate "1997.09.07"]

1. e4 e6 2. d4 d5 3. exd5 exd5 4. Nf3 Bd6 5. Bd3 Ne7 6. O-O Nbc6 7. c3 Bg4 8.
Re1 Qd7 9. b4 a6 10. Nbd2 O-O 11. Nf1 Bf5 12. Ng3 Bg6 13. a4 Nd8 14. Ra2 Ne6
15. Ne5 Bxe5 16. Rxe5 Rfe8 17. h4 Bxd3 18. Qxd3 Ng6 19. Rh5 h6 20. Qf5 Rad8 21.
Re2 c6 22. Bxh6 gxh6 23. Rxh6 Ng7 24. Rxe8+ Qxe8 25. Qf6 Qe1+ 26. Kh2 Re8 27.
h5 Nf8 28. Nf5 Nfe6 29. Nd6 Rf8 30. f4 Qf2 31. Nxb7 Nxf4 32. Qg5 Nxg2 33. Rf6
Nf4+ 34. Kh1 Re8 0-1

[Event "VII Festival Magistrale"]
[Site "Marostica ITA"]
[Date "1997.09.??"]
[Round "9"]
[White "Godena, Michele"]
[Black "Borgo, Giulio"]
[Result "1/2-1/2"]
[WhiteElo "2515"]
[BlackElo "2370"]
[PlyCount "23"]
[EventDate "1997.09.07"]

1. e4 e6 2. d4 d5 3. Nd2 Nf6 4. e5 Nfd7 5. Bd3 c5 6. c3 Nc6 7. Ne2 cxd4 8. cxd4
f6 9. exf6 Qxf6 10. Nf3 h6 11. O-O Bd6 12. Be3 1/2-1/2

[Event "VII Festival Magistrale"]
[Site "Marostica ITA"]
[Date "1997.09.??"]
[Round "9"]
[White "Guido, Flavio"]
[Black "Drei, Andrea"]
[Result "1-0"]
[WhiteElo "2335"]
[BlackElo "2345"]
[PlyCount "95"]
[EventDate "1997.09.07"]

1. e4 c5 2. c3 e6 3. d4 d5 4. e5 Nc6 5. Nf3 Qb6 6. Be2 Bd7 7. O-O Nh6 8. Bxh6
gxh6 9. Qd2 Rc8 10. Na3 cxd4 11. cxd4 Rg8 12. Nc2 Na5 13. b3 Bb5 14. Bd3 Qa6
15. Bxb5+ Qxb5 16. Rac1 Nc6 17. h3 Rg6 18. Nh4 Rg8 19. Kh1 Be7 20. Qxh6 Qd3 21.
Nf3 Kd7 22. Rfd1 Qa6 23. Qxh7 Qxa2 24. Ra1 Qb2 25. Qd3 Bb4 26. Rab1 Qc3 27.
Qxc3 Bxc3 28. b4 a6 29. Rd3 Na7 30. Ng1 Nb5 31. Ne2 Rc7 32. Ne3 Rgc8 33. Kg1
Na3 34. Rb3 Nb5 35. Kf1 Ba1 36. Rb1 Bc3 37. Nd1 Rc4 38. Ne3 R4c7 39. h4 Na3 40.
Rb3 Nb5 41. h5 Ke7 42. h6 f6 43. h7 fxe5 44. Nxc3 Nxd4 45. Ncxd5+ exd5 46.
Nxd5+ Kf7 47. Nxc7 Kg7 48. Rxd4 1-0

[Event "VII Festival Magistrale"]
[Site "Marostica ITA"]
[Date "1997.09.??"]
[Round "9"]
[White "Lapiccirella, Mattia"]
[Black "Safranska, Anda"]
[Result "0-1"]
[WhiteElo "1930"]
[BlackElo "2270"]
[PlyCount "94"]
[EventDate "1997.09.07"]

1. d4 Nf6 2. c4 g6 3. Nf3 Bg7 4. Nc3 O-O 5. e4 d6 6. Be2 e5 7. d5 a5 8. O-O Na6
9. Ne1 Nc5 10. Qc2 c6 11. Bg5 h6 12. Be3 Ng4 13. Bxc5 dxc5 14. dxc6 bxc6 15.
Nd3 Qh4 16. h3 Nf6 17. Nxc5 Re8 18. Bf3 h5 19. Qa4 Qf4 20. Ne2 Qg5 21. Kh1 Bf8
22. Nb3 Bd7 23. c5 Reb8 24. Rac1 Ra7 25. Nc3 Qf4 26. Ne2 Qh4 27. Ng3 Rb4 28.
Qa3 Bxh3 29. gxh3 Qxh3+ 30. Kg1 h4 31. Bg2 Qg4 32. Nxa5 Rb5 33. b4 hxg3 34.
Qxg3 Qe6 35. a3 Nh5 36. Qh3 Qf6 37. Qc8 Raxa5 38. bxa5 Rxa5 39. Rcd1 Nf4 40.
Rd8 Ne6 41. Rd6 Kg7 42. Rxc6 Rxc5 43. Rxc5 Bxc5 44. a4 Qg5 45. Kh2 Qh4+ 46. Kg1
Nf4 47. Bf3 Qg3+ 0-1

[Event "VII Festival Magistrale"]
[Site "Marostica ITA"]
[Date "1997.09.??"]
[Round "9"]
[White "Ricca, Roberto"]
[Black "De Bortoli, Peter"]
[Result "0-1"]
[WhiteElo "2145"]
[BlackElo "2085"]
[PlyCount "42"]
[EventDate "1997.09.07"]

1. f4 c5 2. Nf3 Nc6 3. g3 d6 4. Bg2 g6 5. d3 Bg7 6. c3 Nf6 7. O-O O-O 8. Na3
Rb8 9. e4 b5 10. e5 dxe5 11. fxe5 Ng4 12. Bf4 Ncxe5 13. h3 Nxf3+ 14. Rxf3 e5
15. hxg4 exf4 16. Rxf4 b4 17. Nb1 bxc3 18. bxc3 Qd6 19. Ra4 Qxg3 20. Qf3 Qe1+
21. Bf1 Rxb1 0-1

[Event "VII Festival Magistrale"]
[Site "Marostica ITA"]
[Date "1997.09.??"]
[Round "9"]
[White "Rosino, Antonio"]
[Black "Ciolac, Gheorghe"]
[Result "1/2-1/2"]
[WhiteElo "2265"]
[BlackElo "2385"]
[PlyCount "109"]
[EventDate "1997.09.07"]

1. e4 e5 2. Nf3 Nc6 3. Nc3 Nf6 4. Bb5 Nd4 5. Nxd4 exd4 6. e5 dxc3 7. exf6 Qxf6
8. dxc3 Qe6+ 9. Qe2 Bc5 10. Bc4 Qxe2+ 11. Bxe2 d5 12. Bf4 c6 13. O-O Be6 14.
Rfe1 O-O 15. Bd3 Rfe8 16. Re2 Bf8 17. Rae1 Red8 18. h3 c5 19. Rd2 a6 20. Red1
Rd7 21. Be2 Rad8 22. Bf3 b5 23. Bg5 f6 24. Bf4 g5 25. Re2 Bf7 26. Bc1 d4 27.
cxd4 Rxd4 28. Rxd4 Rxd4 29. Re1 b4 30. Be3 Rd8 31. b3 c4 32. Be2 a5 33. Bxc4
Bxc4 34. bxc4 Rc8 35. Bb6 Rxc4 36. Re2 a4 37. Rd2 Kf7 38. Bd4 Bd6 39. g3 Bc7
40. Kf1 h5 41. Ke2 Rc6 42. Kd3 Be5 43. Bxe5 fxe5 44. Re2 Kf6 45. Re4 Rd6+ 46.
Ke3 Rb6 47. f4 exf4+ 48. gxf4 g4 49. hxg4 hxg4 50. Rc4 b3 51. cxb3 axb3 52.
axb3 Rxb3+ 53. Kf2 Kf5 54. Rc5+ Ke4 55. Rc4+ 1/2-1/2

[Event "VII Festival Magistrale"]
[Site "Marostica ITA"]
[Date "1997.09.??"]
[Round "9"]
[White "Scavo, Fernando"]
[Black "Micheli, Carlo"]
[Result "1-0"]
[WhiteElo "2185"]
[BlackElo "2295"]
[PlyCount "65"]
[EventDate "1997.09.07"]

1. d4 Nf6 2. Nc3 d6 3. e4 c6 4. Be3 Qa5 5. Qd2 e5 6. f3 Nbd7 7. O-O-O b5 8. Kb1
b4 9. Nce2 Be7 10. g4 O-O 11. g5 Ne8 12. Ng3 Nb6 13. h4 exd4 14. Bxd4 c5 15.
Be3 Be6 16. b3 Nc7 17. Nf5 Bxf5 18. exf5 Ncd5 19. Qxd5 Nxd5 20. Rxd5 Rfe8 21.
Bd2 Qc7 22. Bc4 Bf8 23. g6 Kh8 24. h5 f6 25. h6 gxh6 26. Ne2 Rxe2 27. Bxe2 Re8
28. Bc4 hxg6 29. fxg6 Qe7 30. Rdh5 a5 31. Bxh6 Bxh6 32. Rxh6+ Kg7 33. Rh7+ 1-0

[Event "VII Festival Magistrale"]
[Site "Marostica ITA"]
[Date "1997.09.??"]
[Round "9"]
[White "Ventura, Boris"]
[Black "Vincenzi, Riccardo"]
[Result "1/2-1/2"]
[WhiteElo "2125"]
[BlackElo "1900"]
[PlyCount "65"]
[EventDate "1997.09.07"]

1. e4 g6 2. d4 Bg7 3. c3 d6 4. f4 Nd7 5. Nf3 e5 6. Bd3 Nh6 7. O-O O-O 8. fxe5
dxe5 9. Bg5 f6 10. Bh4 c6 11. Na3 Qe7 12. Nc4 Nf7 13. a4 b6 14. a5 b5 15. Ne3
a6 16. Qc2 Bb7 17. Rae1 Kh8 18. Bg3 Rae8 19. h4 Qd8 20. h5 c5 21. hxg6 hxg6 22.
Nh4 Kh7 23. d5 c4 24. Be2 Nd6 25. Bd1 Nc5 26. Qe2 Bc8 27. Nxg6 Rf7 28. Qh5+ Kg8
29. Ng4 Ncxe4 30. Bh4 Qxa5 31. Bc2 Qb6+ 32. Kh2 f5 33. Nh6+ 1/2-1/2

[Event "II Festival Magistrale"]
[Site "Cesenatico ITA"]
[Date "1997.08.??"]
[Round "?"]
[White "Corvi, Marco"]
[Black "Ortega, Lexy"]
[Result "1-0"]
[WhiteElo "2260"]
[BlackElo "2470"]
[PlyCount "115"]
[EventDate "1997.08.30"]

1. e4 c5 2. Nf3 d6 3. d4 cxd4 4. Nxd4 Nf6 5. Nc3 a6 6. Be3 Ng4 7. Bg5 h6 8. Bh4
g5 9. Bg3 Bg7 10. Qd2 Nc6 11. Nb3 Be6 12. f3 Nge5 13. Nd5 b5 14. Bf2 Rb8 15.
Nd4 Nxd4 16. Bxd4 Bxd5 17. exd5 Qc7 18. a3 Qb7 19. Bc3 Rc8 20. h4 g4 21. fxg4
Rg8 22. g5 hxg5 23. h5 Nc4 24. Bxc4 Bxc3 25. Qxc3 Rxc4 26. Qd3 Rh4 27. O-O-O
Qc8 28. Qh7 Rf8 29. Rxh4 gxh4 30. Qe4 Qc4 31. Qxc4 bxc4 32. Rh1 Rg8 33. h6 f5
34. Rxh4 Kf7 35. h7 Rh8 36. Kd2 Kf6 37. Kc3 Kg7 38. Kxc4 Rc8+ 39. Kd4 Kh8 40.
c4 a5 41. b4 axb4 42. axb4 Ra8 43. c5 dxc5+ 44. Kxc5 Rc8+ 45. Kb6 Rc2 46. Rf4
Kxh7 47. Rxf5 Kg6 48. Rf4 Rxg2 49. b5 Rc2 50. Rf1 Kg7 51. Ka6 Ra2+ 52. Kb7 Rd2
53. Kc6 Rc2+ 54. Kd7 Rb2 55. Kxe7 Rxb5 56. Rg1+ Kh6 57. d6 Re5+ 58. Kf6 1-0

[Event "II Festival Magistrale"]
[Site "Cesenatico ITA"]
[Date "1997.08.??"]
[Round "?"]
[White "Iotti, Pierluigi"]
[Black "Miljanic, Boro"]
[Result "1-0"]
[WhiteElo "2310"]
[BlackElo "2475"]
[PlyCount "51"]
[EventDate "1997.08.30"]

1. d4 Nf6 2. c4 g6 3. Nc3 Bg7 4. e4 d6 5. Be2 O-O 6. Nf3 e5 7. d5 Na6 8. Bg5 h6
9. Bh4 g5 10. Bg3 Nh5 11. h4 Nxg3 12. fxg3 gxh4 13. Nxh4 Qg5 14. O-O Qxg3 15.
Nf5 Bxf5 16. Rxf5 Qe3+ 17. Kh1 Kh8 18. Bh5 Nc5 19. Qg4 Nd3 20. Raf1 Nxb2 21.
R1f3 Qc1+ 22. Kh2 Nxc4 23. Rg3 Rg8 24. Rxf7 Nd2 25. Qf5 Qe1 26. Be2 1-0